000 00718nam a2200253 a 4500
008
020 _a0333545281 (pbk.)
049 0 _aMAIN
090 _aHG3881
_bPIL
100 1 _aPilbeam, Keith.
245 1 0 _aInternational finance /
_cKeith Pilbeam.
260 _aHoundsmills :
_bMacmillan,
_c1992.
300 _axxvi, 446 p. :
_bill. ;
_c24 cm.
440 _aMacmillan texts in economics.
500 _aIncludes index.
650 _aMonetary economics
650 _aInternational economics.
650 _aInternational finance.
907 _a.b10149247
_b21-05-08
_c27-01-05
003
005 20230123133915.0
040 _cNUST
942 _cBOOKS
_kHG3881
_mPIL
999 _c156678
_d156678